Different patterns of chromogranin A and Leu-7 (CD57) expression in gastrointestinal carcinoids: immunohistochemical and confocal laser scanning microscopy study

Bibliographic Details
Main Authors: Jirásek, T. (Author), Hozák, Pavel, 1958- (Author), Mandys, V. (Author)
Format: Article
Language:Slovak
English
Subjects:

MARC

LEADER 00000nab a2200000 a 4500
001 vtls000873969
003 SK-MaSNL
005 20260304132810.0
008 250429c2003 xo 0 slo
015 |a SNBRB2004/05-16438 
035 |a CLN000225521 
035 |a urn:nbn:sk:snk-ab6z8t 
035 |a (uuid)60733e29-70e0-4775-8b07-0e663096bcd3 
035 |a (urnnbn)urn:nbn:sk:snk:ar-a06c8n 
035 |a (sysno)vtls000873969 
040 |a SNKBUCL  |b slo  |c SNKBUCL  |e AACR2 
041 0 |a eng 
044 |a xo  |c SK 
080 |a 616.33/.34-006.6-085:575.113  |2 1997 
100 1 |a Jirásek, T.  |4 aut  |9 1144395 
245 1 0 |a Different patterns of chromogranin A and Leu-7 (CD57) expression in gastrointestinal carcinoids: immunohistochemical and confocal laser scanning microscopy study  |c T. Jirásek, P. Hozák, V. Mandys 
300 |b Obr., tab. 
504 |a Res. angl. 
504 |a Bibliogr. odkazy 
650 0 7 |a nádory gastrointestinálne  |2 snkbucl  |9 1057714 
650 0 7 |a chromograníny  |2 snkbucl  |9 1448728 
650 0 7 |a mikroskopia konfokálna  |2 snkbucl  |9 1448729 
650 0 7 |a testy imunologické  |2 snkbucl  |9 839215 
650 0 7 |a antigény diferenciačné  |2 snkbucl  |9 1259754 
655 7 |a články z novín a časopisov  |2 snkbucl  |9 267496 
700 1 |a Hozák, Pavel,  |d 1958-  |4 aut  |9 26716 
700 1 |a Mandys, V.  |4 aut  |9 793968 
773 0 |t Neoplasma  |g Vol. 50, no. 1 (2003), p. 1-7  |x 0028-2685 
850 |a Slovenská národná knižnica 
852 |a Slovenská národná knižnica 
958 |a article27 
958 |a NB 
958 |a MI 
958 |a OND 
958 |a EUIPO 
992 |a RBX 
999 |c 2899621  |d 2901551